[Event "World Cup"]
[Site "Khanty-Mansiysk RUS"]
[Date "2007.12.02"]
[Round "3.5"]
[White "Macieja, B."]
[Black "Sasikiran, K."]
[Result "0-1"]
[WhiteElo "2606"]
[BlackElo "2661"]
[PlyCount "91"]
[EventDate "2007.11.24"]
[SourceDate "1999.07.01"]

1. e4 c5 2. Nf3 a6 3. c3 e6 4. d4 d5 5. exd5 exd5 6. Be2 c4 7. b3 cxb3 8. axb3
Bd6 9. O-O Ne7 10. h3 O-O 11. Ba3 Nbc6 12. Bxd6 Qxd6 13. Na3 Ng6 14. Ne1 Bd7
15. Nd3 Rae8 16. Nc2 Nh4 17. Bg4 f5 18. Bf3 f4 19. Kh2 Bf5 20. Nc5 Nxf3+ 21.
Qxf3 Bxc2 22. Nxb7 Qd7 23. Nc5 Qf7 24. Rxa6 Nb8 25. Rd6 Be4 26. Qg4 f3 27. g3
Qa7 28. Qh4 h6 29. g4 Rf7 30. Rg1 Nd7 31. b4 Nf8 32. b5 Qb8 33. Qg3 Qxb5 34. g5
hxg5 35. Qxg5 Qb8 36. Qg3 Rd8 37. Rxd8 Qxd8 38. Ra1 Rf6 39. Rg1 Rg6 40. Qe5 Qf6
41. Qxf6 Rxf6 42. Rg4 Bg6 43. Kg3 Kf7 44. Rg5 Bf5 45. h4 Nd7 46. Nb3 0-1

[Event "60th ch-RUS Higher League"]
[Site "Krasnoyarsk RUS"]
[Date "2007.09.12"]
[Round "9"]
[White "Kurnosov, I."]
[Black "Chuprov, D."]
[Result "0-1"]
[WhiteElo "2579"]
[BlackElo "2554"]
[PlyCount "214"]
[EventDate "2007.09.03"]
[SourceDate "1999.07.01"]

1. e4 c5 2. Nf3 a6 3. c3 e6 4. d4 d5 5. exd5 exd5 6. Be3 c4 7. b3 cxb3 8. axb3
Bd6 9. Be2 Ne7 10. O-O O-O 11. c4 Nbc6 12. Nc3 Bf5 13. Nh4 Be6 14. f4 Bb4 15.
Na2 Nf5 16. Nxf5 Bxf5 17. Bf3 Qe7 18. Bf2 dxc4 19. bxc4 Rfd8 20. Nxb4 Qxb4 21.
Qa4 Qd2 22. Bxc6 bxc6 23. Qxc6 Qxf4 24. Rfe1 h6 25. Rxa6 Rac8 26. Qa4 Rb8 27.
Qa3 Qd2 28. Qc1 Qb4 29. Ra3 Rbc8 30. Rc3 Be6 31. Rg3 Kh7 32. c5 Qb7 33. h3 Rd5
34. Qb1+ Qxb1 35. Rxb1 Rd7 36. Ra3 Rc6 37. Rb2 Bd5 38. Bg3 Re7 39. Bd6 Re1+ 40.
Kf2 Rd1 41. Ra4 Rc8 42. Re2 Bc6 43. Rb4 Ra8 44. Bf4 Bd5 45. Rc2 Ra6 46. Bd6 Rc6
47. Ke3 Re1+ 48. Kd2 Rg1 49. Ke3 Ra6 50. Kf4 Re1 51. Kg3 Rd1 52. Kf2 Rc6 53. h4
h5 54. Re2 f6 55. Ra4 Rc8 56. g3 Bc6 57. Ra7 Rxd4 58. Ree7 Rg8 59. Rf7 Kg6 60.
Bf8 Bd5 61. Rxg7+ Rxg7 62. Rxg7+ Kf5 63. Rh7 Ke4 64. Rxh5 Rd2+ 65. Ke1 Rg2 66.
Bd6 Rc2 67. Rh8 Ke3 68. Re8+ Kd3 69. Kf1 Be4 70. g4 Ke3 71. Rxe4+ Kxe4 72. h5
Kf3 73. Ke1 Kxg4 74. h6 Kg5 75. Kd1 Ra2 76. Bf8 Kg6 77. Kc1 Ra8 78. Be7 f5 79.
Kd2 Kxh6 80. Bd6 Kg5 81. Ke3 Kf6 82. c6 Ke6 83. Bh2 Ra4 84. c7 Re4+ 85. Kd3 Kd7
86. Bg3 Rg4 87. Bh2 Rh4 88. Be5 Re4 89. Bg3 Rg4 90. Bh2 Rh4 91. Be5 Ra4 92. Bd6
f4 93. Ke2 Rc4 94. Bf8 Ke6 95. Kf3 Kf5 96. Bd6 Rc3+ 97. Ke2 Ke4 98. Kd2 Rc6 99.
Ke2 Rc3 100. Kd2 Rc4 101. Ke2 Rc6 102. Kf2 Rc2+ 103. Kg1 Ke3 104. Be5 Rc1+ 105.
Kg2 f3+ 106. Kg3 Rc6 107. Bd6 f2 0-1

[Event "TCh-SRB 1st League"]
[Site "Subotica SRB"]
[Date "2008.09.11"]
[Round "10"]
[White "Mastrovasilis, D."]
[Black "Efimenko, Z."]
[Result "1/2-1/2"]
[WhiteElo "2563"]
[BlackElo "2670"]
[PlyCount "22"]
[EventDate "2008.09.01"]
[SourceDate "1999.07.01"]

1. e4 c5 2. Nf3 a6 3. c4 d6 4. d4 Bg4 5. dxc5 Bxf3 6. gxf3 dxc5 7. Qxd8+ Kxd8
8. Nc3 Nd7 9. Be3 e6 10. O-O-O Kc7 11. f4 Ne7 1/2-1/2

[Event "35th Open"]
[Site "Manresa ESP"]
[Date "2008.08.20"]
[Round "9"]
[White "Mekhitarian, K."]
[Black "Fier, A."]
[Result "0-1"]
[WhiteElo "2504"]
[BlackElo "2558"]
[PlyCount "132"]
[EventDate "2008.08.12"]
[SourceDate "1999.07.01"]

1. e4 c5 2. Nf3 a6 3. c4 e6 4. d4 cxd4 5. Nxd4 Nf6 6. Nc3 Qc7 7. a3 Be7 8. Be3
O-O 9. Be2 d6 10. O-O b6 11. Rc1 Bb7 12. f3 Nbd7 13. Qd2 Rac8 14. Rfd1 Qb8 15.
Kh1 Bd8 16. Bg1 Bc7 17. Rc2 Ne5 18. Bf1 h5 19. Qf2 Ng6 20. b4 h4 21. b5 a5 22.
Nc6 Qa8 23. Rcd2 h3 24. gxh3 Bxc6 25. bxc6 Qxc6 26. Nb5 Rb8 27. Nxc7 Qxc7 28.
Rxd6 Qe7 29. a4 Ne5 30. Qg3 Ng6 31. Bxb6 Nh5 32. Qg4 Nhf4 33. e5 Rxb6 34. Rxb6
Qc5 35. Rb5 Qe3 36. Qg3 Nh5 37. Qe1 Qxf3+ 38. Bg2 Qa3 39. Rxa5 Nhf4 40. Be4 Qb3
41. Qf1 Nxh3 42. Rd3 Qxc4 43. Bxg6 fxg6 44. Ra8 Qe4+ 45. Qf3 Rxa8 46. Qxe4 Nf2+
47. Kg2 Nxe4 48. Rd4 Nc5 49. Rc4 Ra5 50. Kf3 Nxa4 51. Kf4 Nb6 52. Rc6 Nd5+ 53.
Kg5 Kf7 54. Rd6 Ne7 55. Kf4 g5+ 56. Kxg5 Rxe5+ 57. Kf4 Rh5 58. Rd2 Kf6 59. Kg4
Rg5+ 60. Kf4 e5+ 61. Ke4 Rg4+ 62. Kf3 Rf4+ 63. Kg2 Nf5 64. Re2 e4 65. Kh3 e3
66. Rg2 Rh4# 0-1

[Event "TCh-BIH"]
[Site "Neum BIH"]
[Date "2008.06.09"]
[Round "6"]
[White "Kovacevic, A."]
[Black "Kurajica, B."]
[Result "0-1"]
[WhiteElo "2616"]
[BlackElo "2533"]
[PlyCount "60"]
[EventDate "2008.06.04"]
[SourceDate "1999.07.01"]

1. e4 c5 2. Nf3 a6 3. c3 d5 4. exd5 Qxd5 5. d4 g6 6. Be3 cxd4 7. cxd4 Bg7 8.
Nc3 Qa5 9. Qb3 b5 10. Bd2 Qd8 11. a4 bxa4 12. Qxa4+ Bd7 13. Qb3 e6 14. Ne4 Bc6
15. Ba5 Qd7 16. Bd3 Ne7 17. Ne5 Qxd4 18. Bc3 Qd5 19. Nc4 O-O 20. Bxg7 Kxg7 21.
Qc3+ f6 22. Nb6 Qd8 23. Nxa8 Bxa8 24. O-O Nd5 25. Qa5 Nf4 26. Qxd8 Rxd8 27. Bb1
f5 28. Nc5 Rd2 29. b4 Bd5 30. Ra3 Nc6 0-1

[Event "VI Regina Helena Prol"]
[Site "Santos BRA"]
[Date "2008.05.23"]
[Round "7"]
[White "Fier, A."]
[Black "Rodriguez Vila, A."]
[Result "1-0"]
[WhiteElo "2527"]
[BlackElo "2533"]
[PlyCount "67"]
[EventDate "2008.05.17"]
[SourceDate "1999.07.01"]

1. e4 c5 2. Nf3 a6 3. Nc3 d6 4. d4 cxd4 5. Nxd4 e5 6. Nf5 Bxf5 7. exf5 Nd7 8.
g4 Ne7 9. Bg2 Nc6 10. Be3 Be7 11. Nd5 O-O 12. Qd2 Nf6 13. Nxf6+ Bxf6 14. g5 Be7
15. c3 Rc8 16. Be4 d5 17. Bxd5 Qa5 18. Be4 Rfd8 19. Qe2 Nd4 20. Qg4 Rxc3 21.
O-O Rc7 22. f6 Bf8 23. fxg7 Bxg7 24. Qh4 Qb4 25. Qxh7+ Kf8 26. b3 Ne2+ 27. Kh1
Nc3 28. Bg2 e4 29. Rac1 Re7 30. g6 Re6 31. Bh6 Rxg6 32. Bxg7+ Rxg7 33. Qh8+ Rg8
34. Qxc3 1-0

[Event "IX EICC"]
[Site "Plovdiv BUL"]
[Date "2008.04.29"]
[Round "8"]
[White "Lupulescu, C."]
[Black "Mamedov, Rau"]
[Result "1-0"]
[WhiteElo "2558"]
[BlackElo "2617"]
[PlyCount "137"]
[EventDate "2008.04.21"]
[SourceDate "1999.07.01"]

1. e4 c5 2. Nf3 a6 3. c3 d6 4. d4 Qc7 5. h3 g6 6. Bd3 Bg7 7. O-O Nd7 8. Re1 e5
9. Be3 Ngf6 10. dxe5 dxe5 11. c4 O-O 12. Nc3 b6 13. Rc1 Bb7 14. Nd2 Nh5 15. Nd5
Qd6 16. Bf1 Nf4 17. Nb1 Nxd5 18. cxd5 f5 19. f3 Bf6 20. Bf2 Bg5 21. Nd2 b5 22.
b3 Rab8 23. a4 Ba8 24. axb5 axb5 25. Ra1 Rfc8 26. Qc2 Nf6 27. Ra5 fxe4 28. fxe4
c4 29. bxc4 Qb4 30. Ra2 Bxd2 31. Qxd2 Qxd2 32. Rxd2 bxc4 33. Rc2 c3 34. Bd3 Rb4
35. Bg3 Bxd5 36. exd5 e4 37. Ba6 Ra8 38. Be2 Nxd5 39. Be5 Rc8 40. Rec1 Rb6 41.
Rd1 Rb2 42. Rxb2 cxb2 43. Bxb2 Nf4 44. Bg4 Rc2 45. Bc1 g5 46. Bxf4 gxf4 47. Bf5
Re2 48. Rf1 f3 49. gxf3 exf3 50. Rxf3 Re7 51. Kg2 Kg7 52. Kg3 Ra7 53. Kh4 Kh6
54. Rb3 Rb7 55. Rd3 Rb4+ 56. Bg4 Rb6 57. Rd7 Rb3 58. Rd6+ Kg7 59. Bf5 Rb7 60.
Kg5 Rf7 61. Bd3 Ra7 62. h4 Kh8 63. Kh6 Rg7 64. h5 Rg8 65. Bxh7 Re8 66. Bg6 Rf8
67. Rd7 Kg8 68. Rg7+ Kh8 69. Bf7 1-0

[Event "IX EICC"]
[Site "Plovdiv BUL"]
[Date "2008.04.27"]
[Round "7"]
[White "Sutovsky, E."]
[Black "Movsesian, S."]
[Result "1/2-1/2"]
[WhiteElo "2630"]
[BlackElo "2695"]
[PlyCount "29"]
[EventDate "2008.04.21"]
[SourceDate "1999.07.01"]

1. e4 c5 2. Nf3 a6 3. c3 e6 4. d4 d5 5. exd5 exd5 6. Be3 c4 7. Ne5 Bd6 8. b3
cxb3 9. axb3 Ne7 10. Bd3 Bf5 11. Bxf5 Nxf5 12. Qf3 Bxe5 13. Qxf5 Bc7 14. Nd2
Qd7 15. Qxd7+ 1/2-1/2

[Event "15th Croatian Open A"]
[Site "Zadar CRO"]
[Date "2008.12.17"]
[Round "6"]
[White "Stanojoski, Z."]
[Black "Kurajica, B."]
[Result "0-1"]
[WhiteElo "2502"]
[BlackElo "2540"]
[PlyCount "44"]
[EventDate "2008.12.14"]
[SourceDate "1999.07.01"]

1. e4 c5 2. Nf3 a6 3. d4 cxd4 4. Nxd4 Nf6 5. Nc3 e5 6. Nb3 Bb4 7. Bd3 d5 8.
exd5 e4 9. Be2 Nxd5 10. Bd2 Bxc3 11. bxc3 Qc7 12. O-O O-O 13. Qe1 Re8 14. c4
Nf4 15. Bd1 Bd7 16. Qe3 Ng6 17. Be2 Nc6 18. Nc5 Bf5 19. Rab1 Rab8 20. Rfe1 Nce5
21. Bb4 Nf4 22. Bf1 Nh3+ 0-1

[Event "VIII Governor's Cup"]
[Site "Khanty-Mansiysk RUS"]
[Date "2012.11.21"]
[Round "7.2"]
[White "Onischuk, V."]
[Black "Romanov, E."]
[Result "1/2-1/2"]
[WhiteElo "2563"]
[BlackElo "2616"]
[PlyCount "90"]
[EventDate "2012.11.15"]
[SourceDate "1999.07.01"]

1. e4 c5 2. Nf3 a6 3. d4 cxd4 4. Nxd4 Nf6 5. Bd3 e5 6. Nb3 Nc6 7. O-O h6 8. c4
d6 9. Nc3 Be7 10. Nd5 O-O 11. Be3 Nd7 12. Qh5 Bg5 13. Rad1 a5 14. a4 b6 15. Nc3
Nc5 16. Bc2 Nb4 17. Qe2 Qe7 18. Nc1 Be6 19. b3 Rad8 20. Bxc5 bxc5 21. Nd3 Nc6
22. Nb5 g6 23. f4 exf4 24. Nxf4 Bxf4 25. Rxf4 Qg5 26. Qf2 Qe5 27. Qg3 Rd7 28.
Rf3 Qxg3 29. Rxg3 Rfd8 30. Rgd3 Nb4 31. R3d2 Kf8 32. Bd3 Ke7 33. Be2 h5 34. Kf2
Nc6 35. Ke3 Ne5 36. h3 f6 37. Rf1 Rb7 38. Rfd1 Rb6 39. Kf2 Nf7 40. Rd3 Ne5 41.
R3d2 Bf7 42. Ke3 g5 43. Kf2 Bg6 44. Ke3 Nf7 45. Rf1 Ne5 1/2-1/2

[Event "20th Montcada Open"]
[Site "Montcada i Reixac ESP"]
[Date "2012.06.29"]
[Round "5.1"]
[White "Quesada Perez, Yu"]
[Black "Cordova, E."]
[Result "1-0"]
[WhiteElo "2625"]
[BlackElo "2566"]
[PlyCount "113"]
[EventDate "2012.06.25"]
[SourceDate "1999.07.01"]

1. e4 c5 2. Nf3 a6 3. c4 e6 4. d4 cxd4 5. Nxd4 Nf6 6. Nc3 Bb4 7. Qd3 Qc7 8. a3
Be7 9. Be2 Nc6 10. Nxc6 dxc6 11. O-O O-O 12. f4 e5 13. Kh1 Bc5 14. Qg3 Bd4 15.
f5 Kh8 16. Qh4 Qd6 17. Bg5 Rd8 18. Rad1 b6 19. c5 bxc5 20. Bc4 Kg8 21. Rd3 Kf8
22. Rg3 a5 23. Bxf6 Qxf6 24. Qxh7 Qh6 25. Qxh6 gxh6 26. Rh3 Rd6 27. Na4 Rb8 28.
b3 Bd7 29. Rd3 Ke7 30. Rg3 Kf6 31. Rd1 Rd8 32. Nb6 Rb8 33. Na4 Rd8 34. Rh3 Ke7
35. Rhd3 Be8 36. g3 f6 37. Kg2 Bh5 38. R1d2 Be3 39. Rxd6 Rxd6 40. Rxd6 Kxd6 41.
Nc3 Bd4 42. Ne2 a4 43. bxa4 Bb2 44. a5 Bxa3 45. a6 Kc7 46. h3 Bb4 47. g4 Be8
48. Ng1 Bd2 49. Nf3 Bf4 50. Kf2 Kb6 51. Nh4 Bd7 52. Ng6 Bc1 53. Ne7 Bg5 54. Ke2
Ka7 55. Kd3 Bh4 56. Be6 Be8 57. Nc8+ 1-0